Music Quiz

Random Music or Lyrics Quiz
Score 0/15 Timer 06:00
0 Plays Today
% Correct
We Will Rock You
71.4%
Hey Jude
64.3%
Carry on Wayward Son
50%
Don't Stop Believin'
42.9%
All Along the Watchtower
40.5%
Hotel California
40.5%
Free Bird
38.1%
Sweet Child O' Mine
38.1%
% Correct
Born to be WIld
38.1%
Smoke on the Water
31%
Walk This Way
31%
Sweet Home Alabama
26.2%
Stairway to Heaven
23.8%
Slow Ride
23.8%
Dream On
23.8%
Remove Ads.
Support Sporcle.
Get the best of Sporcle when you Go Orange. This ad-free experience offers more features, more stats, and more fun while also helping to support Sporcle. Thank you for becoming a member.

You're not logged in!

Compare scores with friends on all Sporcle quizzes.
OR
Log In

Show Comments

Extras

Top Quizzes Today


Score Distribution

Your Account Isn't Verified!

In order to create a playlist on Sporcle, you need to verify the email address you used during registration. Go to your Sporcle Settings to finish the process.

Report this User

Report this user for behavior that violates our Community Guidelines.

Details: